000 00374nam a2200145Ia 4500
008 230917s9999||||xx |||||||||||||| ||und||
040 _e71155
_aMAIN
041 _aEnglish
082 _a931 H879C
100 _aHulsewe, A F P
245 0 _aChina in central Asia: the early stage:125 BC-AD 23
260 _aLeidn
_bE J Brill
_c1979
300 _aviii, 266 p.
942 _cBK
999 _c210733
_d210733